El mundo visto desde las antípodas (Record no. 183694)

MARC details
000 -LEADER
campo de control de longitud fija 01077nam a2200289 i 4500
001 - NÚMERO DE CONTROL
campo de control 183694
003 - IDENTIFICADOR DE NÚMERO DE CONTROL
campo de control ES-MaACL
005 - FECHA Y HORA DE LA ÚLTIMA TRANSACCIÓN
campo de control 20231219062542.0
008 - DATOS DE LONGITUD FIJA--INFORMACIÓN GENERAL
campo de control de longitud fija 140924s2013 sp aco |||| |dspa d
020 ## - NÚMERO INTERNACIONAL ESTÁNDAR DEL LIBRO
Número Internacional Estándar del Libro 9780986463624
080 ## - NÚMERO DE LA CLASIFICACIÓN DECIMAL UNIVERSAL
Número de la Clasificación Decimal Universal (=622.821.3)
080 ## - NÚMERO DE LA CLASIFICACIÓN DECIMAL UNIVERSAL
Número de la Clasificación Decimal Universal 913(82)
100 1# - ENTRADA PRINCIPAL--NOMBRE DE PERSONA
Nombre de persona Abellán, José Luis,
Fechas asociadas al nombre 1933-2023
9 (RLIN) 176509
245 13 - MENCIÓN DEL TÍTULO
Título El mundo visto desde las antípodas
Resto del título : Aotearoa-Nueva Zelanda /
Mención de responsabilidad, etc. José Luis Abellán ; edición y prólogo de Wendy-Llyn Zaza.
260 ## - PUBLICACIÓN, DISTRIBUCIÓN, ETC.
Lugar de publicación, distribución, etc. Auckland (Nueva Zelanda) ;
-- Salamanca :
Nombre del editor, distribuidor, etc. Ambosmundos,
Fecha de publicación, distribución, etc. [2013]
300 ## - DESCRIPCIÓN FÍSICA
Extensión 115 p. :
Otras características físicas il. col. ;
Dimensiones 24 cm.
500 ## - NOTA GENERAL
Nota general Glosario.
504 ## - NOTA DE BIBLIOGRAFÍA, ETC.
Nota de bibliografía, etc. Referencias bibliográficas.
650 #4 - PUNTO DE ACCESO ADICIONAL DE MATERIA--TÉRMINO DE MATERIA
Término de materia o nombre geográfico como elemento de entrada Maoríes (Pueblo neozelandés)
9 (RLIN) 155597
651 #4 - PUNTO DE ACCESO ADICIONAL DE MATERIA--NOMBRE GEOGRÁFICO
Nombre geográfico Nueva Zelanda-
Subdivisión general Descripción.
9 (RLIN) 155596
700 1# - ENTRADA AGREGADA--NOMBRE PERSONAL
Nombre de persona Zaza, Wendy-Llyn.
9 (RLIN) 155595
852 ## - LOCALIZACIÓN
Ubicación ES-MaACL
Número de control de estantería A-13257
itemnumber 190641
Sublocalización o colección R.150096
Ubicación en estantería Depósito 1
Signatura antigua Olim: N-6257
Donativo/Legado Donante: José Luis Abellán
903 ## - NOMBRE PERSONAL DE DONANTE
a Abellán, José Luis,
d 1933-2023
e Donante
9 176509
942 ## - ELEMENTOS DE ENTRADA SECUNDARIOS (KOHA)
Fuente del sistema de clasificación o colocación Clasificación decimal universal
Tipo de ítem Koha Libro impreso
Holdings
Estatus retirado Estado de pérdida Fuente del sistema de clasificación o colocación Estado de daño No para préstamo Biblioteca de origen Biblioteca actual Ubicación en estantería Fecha de adquisición Fuente de adquisición Número de control de estantería Total de préstamos Signatura topográfica completa Código de barras Visto por última vez Tipo de ítem Koha
    Clasificación decimal universal     Biblioteca del Ateneo de Madrid Biblioteca del Ateneo de Madrid Depósito 1 24/09/2014 Donación 1   A-13257 1193119 23/02/2023 Libro impreso